Principios de garantía de calidad para laboratorios analíticos
Guardat en:
| Autor principal: | |
|---|---|
| Format: | Llibre |
| Idioma: | espanyol |
| Publicat: |
Gaithersburg
Association of Official Analytical Chemists
1993
|
| Matèries: | |
| Etiquetes: |
Afegir etiqueta
Sense etiquetes, Sigues el primer a etiquetar aquest registre!
|
MARC
| LEADER | 00000nam a2200000 a 4500 | ||
|---|---|---|---|
| 001 | UCY4595 | ||
| 003 | CL-VaPUC | ||
| 008 | 950320e19930000US |||||||||||||||||spa|d | ||
| 082 | 0 | 4 | |a 542.1 |b GAR |2 21 |
| 100 | 0 | |a Garfield, Frederick M |e author |9 333069 | |
| 245 | 1 | 0 | |a Principios de garantía de calidad para laboratorios analíticos |
| 300 | |a 193 p | ||
| 942 | |c BK | ||
| 945 | |d 19950320 00:00:00 |a mfernand | ||
| 260 | |a Gaithersburg |b Association of Official Analytical Chemists |c 1993 | ||
| 650 | 7 | |a LABORATORIOS DE QUIMICA |2 CL-VaPUC |9 333070 | |
| 650 | 0 | |a Control de calidad |9 259714 | |
| 583 | |a last modification |c 20130307 08:31:58 |k Rodrigo Vera | ||
| 999 | |c 232400 |d 232398 | ||
| 952 | |0 0 |1 0 |4 0 |6 542_100000000000000_GAR_1993 |7 0 |8 A |9 236739 |a BIBING |b BIBING |d 2019-11-15 |i 3067092 |o 542.1 GAR 1993 |p 3067092 |r 2025-01-20 |w 2019-11-15 |y BK |k EIB | ||